[Event "Olimpiada de Khanty-Mansiysk 2010"]
[Site "Khanty-Mansiysk RUS"]
[Date "2010.10.03"]
[Round "11"]
[White "Collins, Sam E"]
[Black "Zhang, Zhong"]
[Result "0-1"]
[WhiteElo "2431"]
[BlackElo "2582"]
[PlyCount "144"]
[EventDate "2010.09.21"]
[EventType "team"]
[EventRounds "11"]
[EventCountry "RUS"]
[Source "lmi"]
[SourceDate "2010.09.21"]
[WhiteTeam "Irlanda"]
[BlackTeam "Singapur"]
[WhiteTeamCountry "IRL"]
[BlackTeamCountry "SIN"]

1. e4 e5 2. Nf3 Nc6 3. Bb5 a6 4. Ba4 Nf6 5. O-O Be7 6. Re1 b5 7. Bb3 d6 8. c3
O-O 9. h3 Na5 10. Bc2 c5 11. d4 Qc7 12. d5 Bd7 13. b3 g6 14. Bh6 Rfb8 15. Nbd2
Nh5 16. Nf1 Nb7 17. Qd2 c4 18. b4 a5 19. a3 Ra6 20. g4 Ng7 21. Ng3 Rba8 22.
Rac1 axb4 23. axb4 Nd8 24. Nh2 f6 25. Be3 Nf7 26. Rf1 Ra2 27. Qd1 Qb7 28. Bb1
Rb2 29. Rc2 Rb3 30. Ba2 Rba3 31. Bb1 Ra1 32. Qd2 Qa6 33. Kg2 Bd8 34. f4 exf4
35. Bxf4 Ne5 36. Rcc1 Bb6 37. Ne2 Qc8 38. Nd4 Qe8 39. Bg3 Qe7 40. Bh4 Rf8 41.
Nhf3 g5 42. Bf2 Ng6 43. Bg3 h5 44. Nf5 Nxf5 45. gxf5 Ne5 46. Nd4 h4 47. Bf2
Bxd4 48. cxd4 Nf7 49. Rfe1 Rfa8 50. Kh2 R8a3 51. Qe2 Be8 52. Rg1 Rb3 53. Bc2
Rxc1 54. Rxc1 Rxb4 55. Ra1 Rb2 56. Ra8 b4 57. Qxc4 b3 58. Bxb3 Rxf2+ 59. Kg1
Rb2 60. Ba4 Nd8 61. e5 fxe5 62. Qc1 Ra2 63. Rxd8 Qxd8 64. Bxe8 Kf8 65. Bh5 exd4
66. Bg4 Qe7 67. Qb1 Qe3+ 68. Kh1 Ra8 69. f6 d3 70. Bd1 Qxh3+ 71. Kg1 Qg3+ 72.
Kh1 h3 0-1

[Event "Olimpiada de Khanty-Mansiysk 2010"]
[Site "Khanty-Mansiysk RUS"]
[Date "2010.10.03"]
[Round "11"]
[White "Daly, Colm"]
[Black "Chan, Wei Xuan Timothy"]
[Result "1/2-1/2"]
[WhiteElo "2277"]
[BlackElo "2338"]
[PlyCount "176"]
[EventDate "2010.09.21"]
[EventType "team"]
[EventRounds "11"]
[EventCountry "RUS"]
[Source "lmi"]
[SourceDate "2010.09.21"]
[WhiteTeam "Irlanda"]
[BlackTeam "Singapur"]
[WhiteTeamCountry "IRL"]
[BlackTeamCountry "SIN"]

1. Nf3 Nf6 2. c4 e6 3. b3 b6 4. Bb2 Bb7 5. e3 d5 6. g3 Nbd7 7. cxd5 exd5 8. Bg2
Bd6 9. O-O O-O 10. Nc3 a6 11. Re1 Re8 12. d3 c5 13. d4 Rc8 14. dxc5 Nxc5 15.
Ne2 Nce4 16. Nf4 Bb4 17. Rf1 Nc3 18. Qd3 Nfe4 19. a3 Bf8 20. Rac1 Nb5 21. Rxc8
Qxc8 22. Rc1 Qa8 23. a4 Nbd6 24. Bd4 b5 25. Ne5 Rc8 26. Ra1 Rc7 27. Bh3 Qe8 28.
Nf3 b4 29. Bb6 Rc3 30. Qd1 Rc6 31. Bd4 Nc3 32. Bxc3 bxc3 33. Rc1 Rc5 34. Qd3
Ne4 35. Ne2 Rc7 36. Nxc3 Bb4 37. Na2 Rxc1+ 38. Nxc1 Qc6 39. Ne2 Qf6 40. Ned4
Be1 41. Qc2 Bxf2+ 42. Kg2 Qb6 43. Bc8 a5 44. Bxb7 Qxb7 45. Qc6 Qxc6 46. Nxc6
Bxe3 47. Nxa5 Kf8 48. Nc6 Ke8 49. b4 Kd7 50. Ncd4 g6 51. a5 Nd2 52. Ne5+ Kd6
53. Nxf7+ Kc7 54. Nc2 Ba7 55. b5 Bc5 56. Ng5 Nc4 57. Nxh7 Nxa5 58. Nf6 d4 59.
Nd5+ Kd6 60. Nf4 Bb6 61. Ne1 g5 62. Nh3 Bd8 63. Kf3 Nc4 64. Nd3 Nd2+ 65. Ke2
Ne4 66. Nhf2 Nc3+ 67. Kf3 Nxb5 68. Ke4 Ke6 69. Nc5+ Kf6 70. Ng4+ Kg6 71. Ne5+
Kh5 72. Ncd3 Bc7 73. Kf3 Bxe5 74. Nxe5 Nc3 75. h3 Kh6 76. Nd3 Kg6 77. Kg4 Ne4
78. Kf3 Nc3 79. Nf2 Kf5 80. g4+ Ke5 81. Nd3+ Kd5 82. Nb2 Ke5 83. Nc4+ Kd5 84.
Nb6+ Kd6 85. Nc4+ Ke6 86. Nb2 Ke5 87. Nd3+ Kd5 88. Nb2 Ke5 1/2-1/2

[Event "Olimpiada de Khanty-Mansiysk 2010"]
[Site "Khanty-Mansiysk RUS"]
[Date "2010.10.03"]
[Round "11"]
[White "Salem, A R  Saleh"]
[Black "Smith, Robert W"]
[Result "1-0"]
[WhiteElo "2501"]
[BlackElo "2282"]
[PlyCount "77"]
[EventDate "2010.09.21"]
[EventType "team"]
[EventRounds "11"]
[EventCountry "RUS"]
[Source "lmi"]
[SourceDate "2010.09.21"]
[WhiteTeam "Emiratos Arabes Unidos"]
[BlackTeam "Nueva Zelanda"]
[WhiteTeamCountry "UAE"]
[BlackTeamCountry "NZL"]

1. d4 Nf6 2. c4 e6 3. Nc3 Bb4 4. e3 b6 5. Bd3 Bb7 6. Nf3 O-O 7. O-O c5 8. Na4
cxd4 9. exd4 Re8 10. a3 Bf8 11. Re1 d6 12. b4 Nbd7 13. Nc3 Rc8 14. Bb2 a6 15.
h3 Qc7 16. Rc1 Qb8 17. Rc2 Qa8 18. Re3 g6 19. Ng5 Bxg2 20. f3 h6 21. Nxf7 Bxh3
22. Bxg6 Bf5 23. Rg2 Bxg6 24. Qd3 Kxf7 25. Qxg6+ Ke7 26. Nd5+ Kd8 27. Nxf6 Nxf6
28. Qxf6+ Kc7 29. d5 e5 30. f4 Kb8 31. fxe5 Rxc4 32. exd6 Rxe3 33. Qxf8+ Rc8
34. Qxc8+ Kxc8 35. Rg8+ Kb7 36. Rxa8 Kxa8 37. d7 Rg3+ 38. Kf2 Rg8 39. Bf6 1-0

[Event "Olimpiada de Khanty-Mansiysk 2010"]
[Site "Khanty-Mansiysk RUS"]
[Date "2010.10.03"]
[Round "11"]
[White "Steadman, Michael"]
[Black "AlHuwar, Jasem"]
[Result "0-1"]
[WhiteElo "2309"]
[BlackElo "2265"]
[PlyCount "96"]
[EventDate "2010.09.21"]
[EventType "team"]
[EventRounds "11"]
[EventCountry "RUS"]
[Source "lmi"]
[SourceDate "2010.09.21"]
[WhiteTeam "Nueva Zelanda"]
[BlackTeam "Emiratos Arabes Unidos"]
[WhiteTeamCountry "NZL"]
[BlackTeamCountry "UAE"]

1. d4 Nf6 2. c4 g6 3. Nc3 d5 4. Bf4 Bg7 5. e3 O-O 6. Rc1 Be6 7. Nf3 dxc4 8. Ng5
Bd5 9. f3 h6 10. Nge4 c6 11. h4 Nbd7 12. Be2 b5 13. Ng3 Qa5 14. Qd2 Be6 15. e4
Kh7 16. h5 g5 17. Be3 Rad8 18. Bd1 Ne5 19. Bc2 c5 20. d5 Bd7 21. O-O b4 22.
Nce2 Kg8 23. Rcd1 Rc8 24. Bb1 Rfd8 25. a3 c3 26. bxc3 Qxa3 27. Bd3 Nxd3 28.
Qxd3 c4 29. Qd2 bxc3 30. Nxc3 Qd6 31. f4 gxf4 32. Bxf4 Qb6+ 33. Be3 Qd6 34. Nf5
Bxf5 35. Rxf5 Ng4 36. e5 Nxe5 37. Ne4 Qd7 38. Rf4 c3 39. Qc2 Qb5 40. d6 exd6
41. Nxd6 Qb2 42. Qf5 Qe2 43. Nxc8 Qxd1+ 44. Rf1 Qd7 45. Nxa7 Qxf5 46. Rxf5 Rd1+
47. Rf1 c2 48. Nb5 Ng4 0-1

[Event "Olimpiada de Khanty-Mansiysk 2010"]
[Site "Khanty-Mansiysk RUS"]
[Date "2010.10.03"]
[Round "11"]
[White "Omar Noaman, Ali Ali"]
[Black "Croad, Nicolas"]
[Result "1/2-1/2"]
[WhiteElo "2220"]
[BlackElo "2297"]
[PlyCount "80"]
[EventDate "2010.09.21"]
[EventType "team"]
[EventRounds "11"]
[EventCountry "RUS"]
[Source "lmi"]
[SourceDate "2010.09.21"]
[WhiteTeam "Emiratos Arabes Unidos"]
[BlackTeam "Nueva Zelanda"]
[WhiteTeamCountry "UAE"]
[BlackTeamCountry "NZL"]

1. d4 Nf6 2. c4 e6 3. Nf3 d5 4. Nc3 Be7 5. cxd5 exd5 6. Bg5 c6 7. e3 Bf5 8. Bd3
Bxd3 9. Bxf6 Bxf6 10. Qxd3 a5 11. e4 dxe4 12. Qxe4+ Qe7 13. O-O-O O-O 14. Qxe7
Bxe7 15. d5 Rd8 16. Rhe1 Kf8 17. a3 cxd5 18. Rxd5 Nc6 19. Rb5 Rd7 20. Nd5 Bd8
21. Nb6 Bxb6 22. Rxb6 Rc8 23. Kb1 Re8 24. Rxe8+ Kxe8 25. Rb5 f6 26. Kc2 Kd8 27.
h4 Kc7 28. Rf5 b6 29. Rf4 Kb7 30. h5 h6 31. Kc3 Ka6 32. Re4 Rd5 33. Rg4 Rd7 34.
Re4 b5 35. Re6 Kb7 36. Re8 Kb6 37. Re6 Kc5 38. Re8 b4+ 39. axb4+ axb4+ 40. Kc2
Kb5 1/2-1/2

[Event "Olimpiada de Khanty-Mansiysk 2010"]
[Site "Khanty-Mansiysk RUS"]
[Date "2010.10.03"]
[Round "11"]
[White "Han, Daniel"]
[Black "Abdulwahab, Marwan"]
[Result "1-0"]
[WhiteElo "2200"]
[BlackElo "2089"]
[PlyCount "61"]
[EventDate "2010.09.21"]
[EventType "team"]
[EventRounds "11"]
[EventCountry "RUS"]
[Source "lmi"]
[SourceDate "2010.09.21"]
[WhiteTeam "Nueva Zelanda"]
[BlackTeam "Emiratos Arabes Unidos"]
[WhiteTeamCountry "NZL"]
[BlackTeamCountry "UAE"]

1. d4 d5 2. c4 e6 3. Nf3 Nf6 4. Nc3 dxc4 5. e3 a6 6. a4 c5 7. Bxc4 Be7 8. O-O
Nc6 9. Qe2 cxd4 10. Rd1 O-O 11. exd4 Nd5 12. Ne5 Ncb4 13. Ne4 b6 14. Bb3 Bb7
15. Bd2 Nc6 16. Nf3 Bb4 17. Bg5 Be7 18. Bd2 Bb4 19. Nc3 Qd6 20. Bc2 Nf4 21. Qe4
Ng6 22. Qg4 Nce7 23. Ng5 f5 24. Qe2 Rf6 25. Bb3 Nd5 26. g3 Qc6 27. Nxd5 Bxd2
28. Nxf6+ gxf6 29. Qxe6+ Kh8 30. Nf7+ Kg7 31. Qxc6 1-0

[Event "Olimpiada de Khanty-Mansiysk 2010"]
[Site "Khanty-Mansiysk RUS"]
[Date "2010.10.03"]
[Round "11"]
[White "Meshkov, Yuri A"]
[Black "Mehmeti, Dritan"]
[Result "0-1"]
[WhiteElo "2419"]
[BlackElo "2415"]
[PlyCount "172"]
[EventDate "2010.09.21"]
[EventType "team"]
[EventRounds "11"]
[EventCountry "RUS"]
[Source "lmi"]
[SourceDate "2010.09.21"]
[WhiteTeam "IBC"]
[BlackTeam "Albania"]
[BlackTeamCountry "ALB"]

1. d4 c5 2. d5 Nf6 3. Nc3 g6 4. e4 d6 5. Bb5+ Bd7 6. a4 Bg7 7. Nf3 O-O 8. h3
Na6 9. O-O Nc7 10. Bc4 e5 11. dxe6 Bxe6 12. Bxe6 Nxe6 13. Be3 Re8 14. Qd2 Qa5
15. Qd3 Rad8 16. Ra3 Qc7 17. Qc4 Qc6 18. Rb3 b6 19. Rd1 Nc7 20. Bg5 d5 21. exd5
Ncxd5 22. Nxd5 Rxd5 23. Rbd3 Rxd3 24. Rxd3 h6 25. Be3 Ne4 26. c3 Nd6 27. Qa6
Nf5 28. Qb5 Qe6 29. g4 Ng3 30. Qd7 Qe4 31. Qd5 Ne2+ 32. Kf1 Nf4 33. Qxe4 Rxe4
34. Rd8+ Kh7 35. Rd7 Rxa4 36. Rxf7 Ra1+ 37. Ne1 Nd3 38. Bd2 Nxb2 39. c4 Kg8 40.
Rxg7+ Kxg7 41. Bc3+ Kh7 42. Bxb2 Ra4 43. Ke2 Rxc4 44. Kd3 Rf4 45. f3 a5 46. Be5
Ra4 47. Nc2 g5 48. Bd6 Kg6 49. Kc3 b5 50. Kb2 Rc4 51. Na3 Rd4 52. Bxc5 Rd3 53.
Nxb5 Rxf3 54. Nd6 Rxh3 55. Nc4 a4 56. Ne3 Kf6 57. Bd4+ Ke6 58. Kc2 Rf3 59. Kd3
a3 60. Ke2 Rf4 61. Bc3 a2 62. Bh8 Kf7 63. Be5 Kg6 64. Bh8 Rf8 65. Ba1 Rb8 66.
Be5 Rb1 67. Nc2 Rc1 68. Na1 Kf7 69. Bb2 Rh1 70. Kf3 Ke6 71. Bg7 Kd5 72. Kg2 Rd1
73. Kf3 Rd3+ 74. Kf2 Ke4 75. Bxh6 Kf4 76. Bg7 Rd2+ 77. Ke1 Rh2 78. Kf1 Kxg4 79.
Be5 Rd2 80. Ke1 Rd5 81. Bg7 Kf3 82. Nb3 g4 83. Nd4+ Kg2 84. Nc2 Rd7 85. Bf6 g3
86. Nb4 Rf7 0-1

[Event "Olimpiada de Khanty-Mansiysk 2010"]
[Site "Khanty-Mansiysk RUS"]
[Date "2010.10.03"]
[Round "11"]
[White "Seitaj, Ilir"]
[Black "Krylov, Sergey"]
[Result "1/2-1/2"]
[WhiteElo "2390"]
[BlackElo "2359"]
[PlyCount "119"]
[EventDate "2010.09.21"]
[EventType "team"]
[EventRounds "11"]
[EventCountry "RUS"]
[Source "lmi"]
[SourceDate "2010.09.21"]
[WhiteTeam "Albania"]
[BlackTeam "IBC"]
[WhiteTeamCountry "ALB"]

1. e4 c5 2. Nf3 e6 3. d4 cxd4 4. Nxd4 a6 5. Bd3 Qb6 6. c3 Qc7 7. O-O Nf6 8. Qe2
d6 9. f4 Nbd7 10. Nd2 e5 11. fxe5 dxe5 12. Nf5 g6 13. Ng3 Bg7 14. Bc2 O-O 15.
Kh1 Nc5 16. Nf3 b5 17. Bg5 h6 18. Bxf6 Bxf6 19. Rad1 Be6 20. Qe3 Kg7 21. a3 Na4
22. Qc1 Bc4 23. Rfe1 Nc5 24. Nf1 Rad8 25. Ne3 h5 26. Nd5 Qc6 27. Nxf6 Qxf6 28.
Qe3 Rc8 29. Rd2 Nb3 30. Bxb3 Bxb3 31. Rf2 Qe7 32. Ree2 a5 33. Rd2 Rc6 34. h3
Re8 35. Qd3 Qc5 36. Nh4 Rf6 37. Rxf6 Kxf6 38. Qg3 Re6 39. Rf2+ Ke7 40. Qg5+ Ke8
41. Rd2 Rd6 42. Rxd6 Qxd6 43. Nf3 Bc2 44. Nd2 Kd7 45. Qe3 Ke6 46. Kh2 Qd3 47.
Qb6+ Qd6 48. Qxd6+ Kxd6 49. b4 axb4 50. axb4 f5 51. exf5 gxf5 52. Kg3 Kd5 53.
Kf2 h4 54. Nf3 f4 55. Nxh4 e4 56. Ke1 Kc4 57. Ng6 f3 58. gxf3 exf3 59. Ne5+
Kxc3 60. Nxf3 1/2-1/2

[Event "Olimpiada de Khanty-Mansiysk 2010"]
[Site "Khanty-Mansiysk RUS"]
[Date "2010.10.03"]
[Round "11"]
[White "Mueller, Oliver"]
[Black "Rama, Lorenc"]
[Result "0-1"]
[WhiteElo "2311"]
[BlackElo "2276"]
[PlyCount "72"]
[EventDate "2010.09.21"]
[EventType "team"]
[EventRounds "11"]
[EventCountry "RUS"]
[Source "lmi"]
[SourceDate "2010.09.21"]
[WhiteTeam "IBC"]
[BlackTeam "Albania"]
[BlackTeamCountry "ALB"]

1. d4 Nf6 2. c4 e6 3. Nf3 Bb4+ 4. Nbd2 b6 5. a3 Bxd2+ 6. Qxd2 Bb7 7. e3 O-O 8.
Bd3 Ne4 9. Qc2 f5 10. O-O Rf6 11. Rd1 d5 12. b4 Nd7 13. Bb2 Rh6 14. Rac1 c6 15.
b5 c5 16. Qe2 Qe7 17. cxd5 exd5 18. dxc5 bxc5 19. Bb1 Rf8 20. Ba2 c4 21. Bb1
Ndc5 22. Bc2 g5 23. Nd4 g4 24. f3 Qh4 25. g3 gxf3 26. gxh4 fxe2 27. Nxe2 Rxh4
28. Nf4 Rg4+ 29. Kf1 c3 30. Ba1 Nd2+ 31. Ke2 d4 32. Rg1 Re8 33. Rxg4+ fxg4 34.
Nh5 Rxe3+ 35. Kf2 Rf3+ 36. Kg1 Be4 0-1

[Event "Olimpiada de Khanty-Mansiysk 2010"]
[Site "Khanty-Mansiysk RUS"]
[Date "2010.10.03"]
[Round "11"]
[White "Boshku, Harallamb"]
[Black "Wassin, Sergej"]
[Result "1/2-1/2"]
[WhiteElo "2314"]
[BlackElo "2295"]
[PlyCount "64"]
[EventDate "2010.09.21"]
[EventType "team"]
[EventRounds "11"]
[EventCountry "RUS"]
[Source "lmi"]
[SourceDate "2010.09.21"]
[WhiteTeam "Albania"]
[BlackTeam "IBC"]
[WhiteTeamCountry "ALB"]

1. Nf3 g6 2. e4 c5 3. d4 Bg7 4. d5 d6 5. Be2 Nf6 6. Nc3 Na6 7. O-O Nc7 8. h3
O-O 9. Be3 b6 10. Qd2 Re8 11. Rad1 Bb7 12. a4 a6 13. Bh6 Bh8 14. Rfe1 Qd7 15.
Bf1 b5 16. axb5 axb5 17. e5 Nfxd5 18. Bxb5 Nxb5 19. Nxd5 Nd4 20. Nxd4 cxd4 21.
Qxd4 Qc6 22. Qb6 Qxb6 23. Nxb6 Ra6 24. exd6 Rxb6 25. Rxe7 Rd8 26. Be3 Rxb2 27.
d7 Bc6 28. Rd6 Kf8 29. Bg5 Rxd7 30. Rdxd7 Bxd7 31. Rxd7 Be5 32. f4 Bc3 1/2-1/2

[Event "Olimpiada de Khanty-Mansiysk 2010"]
[Site "Khanty-Mansiysk RUS"]
[Date "2010.10.03"]
[Round "11"]
[White "Haddouche, Mohamed"]
[Black "Al Qudaimi, Basheer"]
[Result "1/2-1/2"]
[WhiteElo "2425"]
[BlackElo "2428"]
[PlyCount "75"]
[EventDate "2010.09.21"]
[EventType "team"]
[EventRounds "11"]
[EventCountry "RUS"]
[Source "lmi"]
[SourceDate "2010.09.21"]
[WhiteTeam "Argelia"]
[BlackTeam "Yemen"]
[WhiteTeamCountry "ALG"]
[BlackTeamCountry "YEM"]

1. Nf3 e6 2. g3 b6 3. Bg2 Bb7 4. O-O Nf6 5. d3 d5 6. Nbd2 Nbd7 7. b3 Be7 8. Bb2
O-O 9. e4 dxe4 10. Ng5 Nc5 11. Ngxe4 Nfxe4 12. dxe4 a5 13. a4 Bf6 14. e5 Be7
15. Bxb7 Nxb7 16. Qe2 Nc5 17. Rad1 Qd5 18. Nf3 Qb7 19. Nd4 Rad8 20. Nb5 h6 21.
Ba3 c6 22. Bxc5 Bxc5 23. Qe4 Rd7 24. Nd4 Rfd8 25. c3 Bxd4 26. Rxd4 Rxd4 27.
cxd4 Qd7 28. Rc1 Qxd4 29. Qxd4 Rxd4 30. Rxc6 Rb4 31. Rc3 g5 32. f3 h5 33. h3 g4
34. hxg4 hxg4 35. f4 Kg7 36. Kf2 Kg6 37. Ke3 Kf5 38. Kd3 1/2-1/2

[Event "Olimpiada de Khanty-Mansiysk 2010"]
[Site "Khanty-Mansiysk RUS"]
[Date "2010.10.03"]
[Round "11"]
[White "Antoniou, Antonis"]
[Black "De La Riva Aguado, Oscar"]
[Result "0-1"]
[WhiteElo "2172"]
[BlackElo "2521"]
[PlyCount "64"]
[EventDate "2010.09.21"]
[EventType "team"]
[EventRounds "11"]
[EventCountry "RUS"]
[Source "lmi"]
[SourceDate "2010.09.21"]
[WhiteTeam "Chipre"]
[BlackTeam "Andorra"]
[WhiteTeamCountry "CYP"]
[BlackTeamCountry "AND"]

1. e4 c5 2. Nf3 Nc6 3. d4 cxd4 4. Nxd4 Qc7 5. Nb5 Qb8 6. c4 Nf6 7. N5c3 b6 8.
Be2 Bb7 9. O-O e6 10. Be3 Bc5 11. Qd2 O-O 12. Rd1 Re8 13. Bxc5 bxc5 14. f3 Nd4
15. Na3 d5 16. exd5 exd5 17. Rf1 h5 18. Rae1 h4 19. cxd5 h3 20. Bc4 hxg2 21.
Kxg2 Qd6 22. Qg5 Nh7 23. Qg3 Qh6 24. Ne4 Nf5 25. Qf2 Ng5 26. Nb5 Nh3 27. Qd2
Nf4+ 28. Kh1 Rxe4 29. fxe4 Ng3+ 30. Kg1 Nh3+ 31. Kg2 Qxd2+ 32. Kxg3 Qg5+ 0-1

[Event "Olimpiada de Khanty-Mansiysk 2010"]
[Site "Khanty-Mansiysk RUS"]
[Date "2010.10.03"]
[Round "11"]
[White "Simonet, Marc"]
[Black "Papatryfonos, Constantino"]
[Result "0-1"]
[WhiteElo "2277"]
[BlackElo "2133"]
[PlyCount "126"]
[EventDate "2010.09.21"]
[EventType "team"]
[EventRounds "11"]
[EventCountry "RUS"]
[Source "lmi"]
[SourceDate "2010.09.21"]
[WhiteTeam "Andorra"]
[BlackTeam "Chipre"]
[WhiteTeamCountry "AND"]
[BlackTeamCountry "CYP"]

1. Nf3 d6 2. g3 e5 3. Bg2 g6 4. O-O Bg7 5. d3 Ne7 6. c4 O-O 7. Nc3 c6 8. Rb1 a5
9. a3 h6 10. b4 axb4 11. axb4 Be6 12. b5 Qc7 13. Bb2 Nd7 14. Qc2 f5 15. Ra1 d5
16. Ba3 Bf6 17. cxd5 cxd5 18. Qd2 Kg7 19. Rfc1 Qb6 20. e3 Ra5 21. Bb4 Rxa1 22.
Rxa1 Re8 23. d4 e4 24. Ne1 Rc8 25. Qa2 Rc4 26. Qa3 Qd8 27. Bf1 Rc7 28. Qa8 Qxa8
29. Rxa8 Nb6 30. Ra2 Nec8 31. Nc2 Be7 32. Ba5 Rd7 33. Be2 Bd6 34. Kf1 Kf6 35.
Ke1 g5 36. Kd2 f4 37. Na4 Nxa4 38. Rxa4 Bh3 39. Ra1 f3 40. Bf1 Bxf1 41. Rxf1 h5
42. h3 h4 43. g4 Ke6 44. Rc1 b6 45. Bb4 Bxb4+ 46. Nxb4 Na7 47. Nc6 Nxb5 48. Rb1
Na3 49. Ra1 Nc4+ 50. Ke1 Rc7 51. Nb4 Nd6 52. Kd1 Rc4 53. Rb1 Rc3 54. Kd2 Ra3
55. Ke1 Nc4 56. Kd1 Ra4 57. Ke1 Na3 58. Rb3 Rxb4 59. Rxa3 Rb1+ 60. Kd2 Rf1 61.
Ra6 Rxf2+ 62. Kc1 Re2 63. Rxb6+ Ke7 0-1

[Event "Olimpiada de Khanty-Mansiysk 2010"]
[Site "Khanty-Mansiysk RUS"]
[Date "2010.10.03"]
[Round "11"]
[White "Kassinopoullos, Polydoros"]
[Black "Garcia, Raul"]
[Result "1/2-1/2"]
[WhiteElo "2110"]
[BlackElo "2236"]
[PlyCount "29"]
[EventDate "2010.09.21"]
[EventType "team"]
[EventRounds "11"]
[EventCountry "RUS"]
[Source "lmi"]
[SourceDate "2010.09.21"]
[WhiteTeam "Chipre"]
[BlackTeam "Andorra"]
[WhiteTeamCountry "CYP"]
[BlackTeamCountry "AND"]

1. e4 c5 2. Nf3 e6 3. d4 cxd4 4. Nxd4 a6 5. Nc3 Qc7 6. Bd3 Ne7 7. O-O Nbc6 8.
Nb3 Ng6 9. f4 Be7 10. a4 b6 11. Be3 O-O 12. Kh1 d6 13. Qh5 Rd8 14. Rf3 Nb4 15.
f5 1/2-1/2

[Event "Olimpiada de Khanty-Mansiysk 2010"]
[Site "Khanty-Mansiysk RUS"]
[Date "2010.10.03"]
[Round "11"]
[White "Jose Queralto, Daniel"]
[Black "Klerides, Paris"]
[Result "1/2-1/2"]
[WhiteElo "2105"]
[BlackElo "2194"]
[PlyCount "37"]
[EventDate "2010.09.21"]
[EventType "team"]
[EventRounds "11"]
[EventCountry "RUS"]
[Source "lmi"]
[SourceDate "2010.09.21"]
[WhiteTeam "Andorra"]
[BlackTeam "Chipre"]
[WhiteTeamCountry "AND"]
[BlackTeamCountry "CYP"]

1. e4 c5 2. Nf3 d6 3. d4 cxd4 4. Nxd4 Nf6 5. f3 a6 6. c4 g6 7. Nc3 Bg7 8. Be3
O-O 9. Be2 Nc6 10. Qd2 Nxd4 11. Bxd4 Be6 12. O-O Qa5 13. Rfd1 Rfc8 14. b3 Nd7
15. Nd5 Bxd4+ 16. Qxd4 Bxd5 17. Qxd5 Qxd5 18. Rxd5 Rc5 19. Rxc5 1/2-1/2

[Event "Olimpiada de Khanty-Mansiysk 2010"]
[Site "Khanty-Mansiysk RUS"]
[Date "2010.10.03"]
[Round "11"]
[White "Gator, Mosab"]
[Black "Lee, Sanghoon"]
[Result "1-0"]
[WhiteElo "2107"]
[BlackElo "2146"]
[PlyCount "41"]
[EventDate "2010.09.21"]
[EventType "team"]
[EventRounds "11"]
[EventCountry "RUS"]
[Source "lmi"]
[SourceDate "2010.09.21"]
[WhiteTeam "Libia"]
[BlackTeam "Corea"]
[WhiteTeamCountry "LBY"]
[BlackTeamCountry "KOR"]

1. e4 c5 2. Nf3 d6 3. d4 cxd4 4. Nxd4 Nf6 5. Nc3 g6 6. Be3 Bg7 7. f3 O-O 8. Qd2
Nc6 9. Bc4 Bd7 10. O-O-O Rb8 11. Bb3 Na5 12. Kb1 b5 13. Bh6 Nc4 14. Qg5 Bxh6
15. Qxh6 Qb6 16. h4 a5 17. h5 e6 18. Nf5 exf5 19. Nd5 Nxd5 20. hxg6 Nf6 21.
gxh7+ 1-0

[Event "Olimpiada de Khanty-Mansiysk 2010"]
[Site "Khanty-Mansiysk RUS"]
[Date "2010.10.03"]
[Round "11"]
[White "Galego, Luis"]
[Black "Gemy, Jose Daniel"]
[Result "1-0"]
[WhiteElo "2500"]
[BlackElo "2325"]
[PlyCount "115"]
[EventDate "2010.09.21"]
[EventType "team"]
[EventRounds "11"]
[EventCountry "RUS"]
[Source "lmi"]
[SourceDate "2010.09.21"]
[WhiteTeam "Portugal"]
[BlackTeam "Bolivia"]
[WhiteTeamCountry "POR"]
[BlackTeamCountry "BOL"]

1. e4 e5 2. Nf3 Nc6 3. Bb5 Nf6 4. d3 Bc5 5. O-O d6 6. c3 Bb6 7. Nbd2 a6 8.
Bxc6+ bxc6 9. Nc4 Be6 10. Qa4 Bd7 11. Be3 Bxe3 12. Nxe3 O-O 13. Rfe1 g6 14. Qc2
c5 15. d4 cxd4 16. cxd4 exd4 17. Nxd4 c5 18. Ne2 Re8 19. Nc3 Bc6 20. f3 Qc7 21.
Rad1 Re6 22. Re2 Rd8 23. Red2 Rd7 24. b3 a5 25. a4 Nh5 26. Ncd5 Bxd5 27. Nxd5
Qd8 28. Qc3 f5 29. Qc4 Kf7 30. Re2 f4 31. Red2 g5 32. Nc3 Ke7 33. Nd5+ Kf7 34.
Nc3 Ke7 35. Nb5 Nf6 36. e5 dxe5 37. Qxc5+ Kf7 38. Rxd7+ Nxd7 39. Qc4 Qb6+ 40.
Kh1 Ke7 41. Qc8 Nf6 42. Qh8 Kf7 43. Qc8 Kg6 44. Qc2+ Kh6 45. Qf5 e4 46. h4 gxh4
47. Qxf4+ Kg6 48. Qxh4 exf3 49. Qg3+ Kf7 50. Qxf3 Re5 51. Nd6+ Kg6 52. Nc4 Qc5
53. Nxe5+ Qxe5 54. g4 Kg7 55. g5 Ne4 56. Rd7+ Kg6 57. Qf7+ Kxg5 58. Rd5 1-0

[Event "Olimpiada de Khanty-Mansiysk 2010"]
[Site "Khanty-Mansiysk RUS"]
[Date "2010.10.03"]
[Round "11"]
[White "Mendoza, Rodrigo"]
[Black "Pereira, Ruben"]
[Result "0-1"]
[WhiteElo "2124"]
[BlackElo "2423"]
[PlyCount "48"]
[EventDate "2010.09.21"]
[EventType "team"]
[EventRounds "11"]
[EventCountry "RUS"]
[Source "lmi"]
[SourceDate "2010.09.21"]
[WhiteTeam "Bolivia"]
[BlackTeam "Portugal"]
[WhiteTeamCountry "BOL"]
[BlackTeamCountry "POR"]

1. d4 Nf6 2. c4 g6 3. Nc3 d5 4. Nf3 Bg7 5. Bf4 O-O 6. e3 c5 7. h3 Nc6 8. Be2
dxc4 9. Bxc4 cxd4 10. exd4 Qb6 11. Qd2 Bf5 12. O-O Rac8 13. Rfe1 e6 14. Rac1
Nxd4 15. Nxd4 Rxc4 16. Nxf5 exf5 17. Nd5 Qd4 18. Ne7+ Kh8 19. Rxc4 Qxc4 20. Bh6
Qh4 21. Bxg7+ Kxg7 22. Qc3 Rd8 23. Rc1 Qf4 24. Qc7 Rd1+ 0-1

[Event "Olimpiada de Khanty-Mansiysk 2010"]
[Site "Khanty-Mansiysk RUS"]
[Date "2010.10.03"]
[Round "11"]
[White "Angulo, P  Carlos"]
[Black "Rocha, Sergio"]
[Result "1/2-1/2"]
[WhiteElo "2210"]
[BlackElo "2438"]
[PlyCount "165"]
[EventDate "2010.09.21"]
[EventType "team"]
[EventRounds "11"]
[EventCountry "RUS"]
[Source "lmi"]
[SourceDate "2010.09.21"]
[WhiteTeam "Bolivia"]
[BlackTeam "Portugal"]
[WhiteTeamCountry "BOL"]
[BlackTeamCountry "POR"]

1. d4 g6 2. e4 d6 3. Nc3 a6 4. f4 Nd7 5. Nf3 Bg7 6. Be2 c5 7. dxc5 Nxc5 8. Bd3
Nf6 9. O-O O-O 10. Qe1 b5 11. Be3 b4 12. Bxc5 dxc5 13. Na4 Nh5 14. Qe3 Qa5 15.
Nxc5 Nxf4 16. Nb3 Qc7 17. e5 Ne6 18. a3 bxa3 19. Rxa3 Bb7 20. Ra5 Rfd8 21. Rfa1
Rab8 22. Be4 Bc8 23. Bd3 Rb4 24. R1a4 Rb6 25. Kf2 h6 26. Rc4 Qb8 27. Rca4 Ng5
28. Rd4 Rxd4 29. Qxd4 Be6 30. Nfd2 Kh7 31. h4 Bxb3 32. hxg5 Be6 33. b3 h5 34.
Nf3 Bg4 35. Nd2 Re6 36. Nc4 f6 37. gxf6 exf6 38. Qe4 fxe5 39. Ne3 Bf5 40. Qc4
Rf6 41. Bxf5 gxf5 42. Rxa6 Rxa6 43. Qxa6 Qb4 44. Qd3 Qf4+ 45. Ke2 Kg6 46. g3
Qg5 47. c4 Bf6 48. c5 h4 49. gxh4 Qh5+ 50. Kd2 Qf3 51. h5+ Kg5 52. Qe2 Qf4 53.
Qc4 e4 54. c6 Qh2+ 55. Qe2 Qd6+ 56. Ke1 Qxc6 57. Qg2+ Kxh5 58. Nxf5 Qc1+ 59.
Ke2 Qc2+ 60. Kf1 Qd1+ 61. Kf2 Bd4+ 62. Nxd4 Qxd4+ 63. Ke2 Qd3+ 64. Ke1 Qb1+ 65.
Kf2 Qc2+ 66. Kg3 Qxb3+ 67. Kf4 Qb8+ 68. Ke3 Qb6+ 69. Kf4 Qd6+ 70. Kf5 Qf8+ 71.
Ke5 Qf3 72. Qh2+ Kg4 73. Qg1+ Kh3 74. Kd4 Qd3+ 75. Ke5 e3 76. Kf4 Qd4+ 77. Kf3
Qd5+ 78. Ke2 Qh5+ 79. Ke1 Qc5 80. Qh1+ Kg3 81. Ke2 Qc2+ 82. Kxe3 Qc3+ 83. Ke4
1/2-1/2